000 nam a22 7a 4500
999 _c15354
_d15354
008 161031b xxu||||| |||| 00| 0 eng d
020 _a0721625118
050 _aRD 540 .S476 1991
100 _aedited by Zuidema,George D.
245 _aShackelford's Surgery of the Alimentary tract/
_cGeorge D.Zuidema
250 _a3rd ed.
260 _aPhiladelphia :
_bW.B Saunders Company ,
_cc1991
300 _axxvii, 578p. :
_bill. ;
500 _aIncludes index.
650 _aAlimentary canal
_ySurgery
942 _2lcc
_cBOOKS
_hRD 540 .S476 1991